Temas en psicología clínica
Saved in:
| Main Authors: | , , , , , |
|---|---|
| Format: | Bog |
| Sprog: | spansk |
| Udgivet: |
Barranquilla
Uninorte
2006
|
| Fag: | |
| Tags: |
Tilføj Tag
Ingen Tags, Vær først til at tagge denne postø!
|
MARC
| LEADER | 00000nam a2200000 a 4500 | ||
|---|---|---|---|
| 001 | UCI7167 | ||
| 003 | CL-VaPUC | ||
| 005 | 20250121171941.0 | ||
| 008 | 080613e20060000CK |||||||||||||||||spa|d | ||
| 999 | |c 330525 |d 330523 | ||
| 020 | |a 9588252288 | ||
| 040 | |c Pontificia Universidad Católica de Valparaíso | ||
| 082 | 0 | 4 | |a 616.89 |b RUS |2 21 |
| 100 | 0 | |a Russo de Sánchez, Ana Rita |e author |9 530297 | |
| 245 | 1 | 0 | |a Temas en psicología clínica |
| 260 | |a Barranquilla |b Uninorte |c 2006 | ||
| 300 | |a 181 p | ||
| 583 | |a last modification |c 20080613 00:00:00 |k Rodrigo Vera | ||
| 650 | 0 | |a Psicología clínica |9 307259 |x Psicodiagnóstico |x Psicoterapia | |
| 700 | 0 | |a Barón Buitrago, Olga Patricia |e author |9 530298 | |
| 700 | 0 | |a Mendoza Raad, Astrid |e author |9 530299 | |
| 700 | 0 | |a Ferrer Botero, Alberto |e author |9 530300 | |
| 700 | 0 | |a Vanegas Osorio, Jorge Humberto |e author |9 530301 | |
| 700 | 0 | |a Ventura de Chapaval, Mónica |e author |9 530302 | |
| 942 | |c BK |2 ddc | ||
| 945 | |d 20080613 00:00:00 |a rbrito | ||
| 952 | |0 0 |1 0 |4 0 |6 616_890000000000000_RUS_2006 |7 0 |8 A |9 416100 |a BIBEDU |b BIBEDU |c ES_NOD |d 2019-11-22 |i 4450124 |l 3 |m 2 |o 616.89 RUS 2006 |p 4450124 |r 2023-08-09 |s 2022-07-19 |w 2019-11-22 |y BK |k PSI | ||